000 00471nam a22001697a 4500
003 LK-CoMWRAF
005 20231114190039.0
008 231114b |||||||| |||| 00| 0 eng d
040 _aLK-CoMWRAF
_dLK-CoMWRAF
_eLK-CoMWRAF
041 _aeng
082 _a823
_bVOI
245 _aThe Voice of the steppe :
_bModern Kazakh short stories
260 _aMoscow :
_bProgress publishers,
_c1981
300 _a478 p. : ill. ; 18 cm.
650 _aEnglish Fiction
942 _cBK
999 _c4077
_d4077